000 01270cam a2200265 4500
008 020722n2002 000 0 eng u
020 _a075065256X
035 _a(Sirsi) u118942
050 _a692.5
100 _aCartlidge, D.
245 _aNew aspects of quantity surveying practice : a text for all construction professionals
260 _aLondon
_bButterworth-Heinemann
_c2002
300 _axvii,286p.
_c24cm.
350 _a24.99
520 _aAimed at both quantity surveyors and quantity surveying students, as well as other construction professionals and students, this key text seeks to address the key issues facing the discipline today. Topics covered include the changing values within the construction industry following the Latham and Egan reports, delivering added value, e-practice in quantity surveying, emerging procurement strategies, evolving markets, partnering and supply chain management.
520 _aSuperseded by 2nd edition 2006 (isbn 0750668415)
650 _aCONSTRUCTION INDUSTRY
650 _aEGAN REFORMS
650 _aMANAGEMENT-BUSINESS MANAGEMENT-INFORMATION MANAGEMENT
650 _aLATHAM REFORMS
650 _aPARTNERING
650 _aSUPPLY CHAIN MANAGEMENT
690 _aQuantity surveying
_96263
942 _n0
999 _c102206
_d102206